000 01019nam a2200265Ia 4500
003 OSt
005 20220923211429.0
006 a|||||r|||| 00| 0
007 ta
008 220922b |||||||| |||| 00| 0 hin d
020 _a97889386223937 (hbk)
_c850
024 _a324,882
037 _b314, 02/02/2018, Eastern Book Linkers
_cTextual
040 _aARTS
_cARTS
_bhin
041 _2hin
_ahin
082 _aV271:72, 152Q8
100 _aअग्रवाल, कन्हैयालाल
_9156285
245 0 _aखारवेल और उसका राजत्वकाल
246 _aKhāravel aur usakā rājatvakāla
260 _aदिल्ली
_b बी. आर. पब्लिशिंग र्कोपोरेशन
_c2018
300 _a153पृ.
_ccm.
650 _aउड़िसा इतिहास
942 _hV271:72, 152Q8
_cTEXL
_2CC
999 _c299358
_d299358